Building Construction (Record no. 5238)
[ view plain ]
| 000 -LEADER | |
|---|---|
| fixed length control field | 00445nam a2200169Ia 4500 |
| 003 - CONTROL NUMBER IDENTIFIER | |
| control field | SGT |
| 020 ## - INTERNATIONAL STANDARD BOOK NUMBER | |
| International Standard Book Number | 8174091106 |
| 082 ## - DEWEY DECIMAL CLASSIFICATION NUMBER | |
| Classification number | 690 |
| Item number | JHA |
| 100 ## - MAIN ENTRY--PERSONAL NAME | |
| Personal name | Jha,J |
| 245 ## - TITLE STATEMENT | |
| Title | Building Construction |
| 260 ## - PUBLICATION, DISTRIBUTION, ETC. (IMPRINT) | |
| Name of publisher, distributor, etc | Khanna Books Publishing Co. Ltd. |
| Place of publication, distribution, etc | N. Delhi |
| Year of Publication | 2009 |
| 300 ## - PAGE DESCRIPTION | |
| No. of Pages | 632p. |
| 650 ## - SUBJECT ADDED ENTRY--TOPICAL TERM | |
| Topical term or geographic name as entry element | CIVIL ENGINEERING |
| 653 ## - KEYWORDS--INDEX TERM | |
| Keyword term | PLANNING OF GOOD BUILDING, SITE INVESTIGATION AND BEARING CAPACITY OF SOIL |
| 700 ## - ADDED ENTRY--PERSONAL NAME | |
| Personal name | Sinha,S.K |
| 942 ## - ADDED ENTRY ELEMENTS (KOHA) | |
| Source of classification or shelving scheme | Dewey Decimal Classification |
| Koha item type | Books |
| Withdrawn status | Lost status | Source of classification or shelving scheme | Damaged status | Use restrictions | Not for loan | Collection code | Home library | Current library | Shelving location | Date acquired | SGTU | Full call number | Accession No. (Barcode) | Date last seen | Bill Date | Koha item type | Total Checkouts | Date last borrowed |
|---|---|---|---|---|---|---|---|---|---|---|---|---|---|---|---|---|---|---|
| Dewey Decimal Classification | Restricted Access | Not For Loan | ENGINEERING | SGT Engineering Library | SGT Engineering Library | Reference Book | 28/06/2011 | SGTU | 690 JHA | FE3478 | 09/02/2015 | 09/02/2015 | Books | |||||
| Dewey Decimal Classification | SGT Engineering Library | SGT Engineering Library | 28/06/2011 | SGTU | 690 JHA | FE3479 | 09/02/2015 | 09/02/2015 | Books | |||||||||
| Dewey Decimal Classification | SGT Engineering Library | SGT Engineering Library | 28/06/2011 | SGTU | 690 JHA | FE3480 | 09/02/2015 | 09/02/2015 | Books | |||||||||
| Dewey Decimal Classification | SGT Engineering Library | SGT Engineering Library | 28/06/2011 | SGTU | 690 JHA | FE3481 | 03/11/2018 | 09/02/2015 | Books | 1 | 13/10/2018 | |||||||
| Dewey Decimal Classification | SGT Engineering Library | SGT Engineering Library | 28/06/2011 | SGTU | 690 JHA | FE3482 | 16/09/2021 | 09/02/2015 | Books | 1 | 16/09/2021 |